000 00449nam a2200193Ia 4500
003 GCL
008 140319s9999 xx 000 0 eng d
040 _aGCL /
_cGCL
082 0 4 _a759
_bH G
100 1 _aHOWARD, MICHAEL
245 1 0 _aGAUGUIN /
_cHOWARD, MICHAEL
260 _a[S.N] :
_bDORLING KINDERSLEY ،
_c1992
300 _a64 PP
650 0 4 _aARTS
650 0 4 _aPAINTING
650 0 4 _aPAINTERS
650 0 4 _aGAUGUIN
942 _2ddc
_cBK
999 _c18876
_d18876